MARC details
| 000 -CABECERA |
| campo de control de longitud fija |
03407cas a2200409 4500 |
| 001 - NÚMERO DE CONTROL |
| campo de control |
11203985 |
| 005 - FECHA Y HORA DE LA ÚLTIMA TRANSACCIÓN |
| campo de control |
20250915102313.0 |
| 008 - DATOS DE LONGITUD FIJA--INFORMACIÓN GENERAL |
| campo de control de longitud fija |
770124c19769999deutr p wgv 0 a0eng |
| 010 ## - NÚMERO DE CONTROL DE LA BIBLIOTECA DEL CONGRESO |
| Número de control de LC |
76648400 |
| 022 ## - NÚMERO INTERNACIONAL NORMALIZADO PARA PUBLICACIONES SERIADAS |
| Número Internacional Normalizado para Publicaciones Seriadas |
0364-9490 |
| ISSN-L |
0364-9490 |
| Fuente |
1 |
| 035 ## - NÚMERO DE CONTROL DEL SISTEMA |
| Número de control de sistema |
11203985 |
| 035 ## - NÚMERO DE CONTROL DEL SISTEMA |
| Número de control de sistema |
(OCoLC)2696675 |
| 037 ## - FUENTE DE ADQUISICIÓN |
| Fuente del número de adquisición |
Widener University School of Law, 4601 Concord Pike, Post Office Box 7474, Wilmington, DE 19803 |
| 040 ## - FUENTE DE LA CATALOGACIÓN |
| Centro catalogador/agencia de origen |
DLC |
| Lengua de catalogación |
eng |
| Centro/agencia transcriptor |
DLC |
| Centro/agencia modificador |
OCL |
| -- |
NST |
| -- |
AIP |
| -- |
DLC |
| -- |
NSD |
| -- |
AIP |
| -- |
NST |
| -- |
OCL |
| -- |
NYG |
| -- |
EBZ |
| -- |
SYS |
| -- |
OCLCQ |
| -- |
ZCU |
| -- |
DLC |
| -- |
NLA |
| -- |
OCLCQ |
| -- |
OCLCO |
| -- |
OCLCF |
| -- |
YLS |
| -- |
OCLCO |
| -- |
FJM |
| -- |
OCLCA |
| -- |
OCL |
| -- |
OCLCO |
| -- |
OCLCA |
| -- |
IL4J6 |
| -- |
OCLCO |
| -- |
OCLCQ |
| -- |
OCLCL |
| 042 ## - CÃDIGO DE AUTENTICACIÃN |
| Código de autenticación |
pcc |
| -- |
nsdp |
| 043 ## - CÓDIGO DE ÁREA GEOGRÁFICA |
| Código de área geográfica |
n-us-de |
| 050 00 - SIGNATURA TOPOGRÁFICA DE LA BIBLIOTECA DEL CONGRESO |
| Número de clasificación |
K4 |
| Número de documento/Ítem |
.E38 |
| 050 04 - SIGNATURA TOPOGRÁFICA DE LA BIBLIOTECA DEL CONGRESO |
| Número de clasificación |
KF1397 |
| Número de documento/Ítem |
.D44 |
| 210 0# - TÃTULO ABREVIADO |
| TÃtulo abreviado |
Del. j. corp. law |
| 222 #4 - TÍTULO CLAVE |
| Título clave |
The Delaware journal of corporate law |
| 245 04 - MENCIÓN DE TÍTULO |
| Título |
The Delaware journal of corporate law. |
| 260 ## - PUBLICACIÓN, DISTRIBUCIÓN, ETC. |
| Especificación de materiales |
1976-<1978>: |
| Lugar de publicación, distribución, etc. |
[Wilmington, |
| Nombre del editor, distribuidor, etc. |
Delaware Law School of Widener College] |
| Fecha de publicación, distribución, etc. |
1976- |
| 264 21 - PRODUCCIÓN, PUBLICACIÓN, DISTRIBUCIÓN, FABRICACIÓN Y COPYRIGHT |
| Especificación de materiales |
<1979->: |
| Producción, publicación, distribución, fabricación y copyright |
Wilmington : |
| Nombre del de productor, editor, distribuidor, fabricante |
Delaware Law School, Widener University |
| 264 31 - PRODUCCIÓN, PUBLICACIÓN, DISTRIBUCIÓN, FABRICACIÓN Y COPYRIGHT |
| Especificación de materiales |
<1992->: |
| Producción, publicación, distribución, fabricación y copyright |
Wilmington : |
| Nombre del de productor, editor, distribuidor, fabricante |
Widener University School of Law |
| 300 ## - DESCRIPCIÓN FÍSICA |
| Extensión |
v. |
| Dimensiones |
25 cm. |
| 310 ## - PERIODICIDAD ACTUAL |
| Periodicidad actual |
Three nos. a year, |
| Fecha de comienzo de la periodicidad actual |
<1977>- |
| 321 ## - PERIODICIDAD ANTERIOR |
| Periodicidad anterior |
Semiannual |
| 520 ## - SUMARIO, ETC. |
| Sumario, etc. |
The Delaware Journal of Corporate Law is a student-edited publication that was established in 1975 at Widener University Delaware Law School as a medium for business-law practitioners to stay abreast of critical issues and changes within their areas of expertise. It is Widener University Delaware Law School’s original, and most established, law review publication.<br/><br/>For the past fifty years, the Journal has provided the nation’s business law community with a reference source of well-researched and analytical discussion on issues of timely importance. Today, the Journal is one of the nation’s most prestigious legal specialty journals and continuously receives national recognition for its thought-provoking articles on corporate law.<br/><br/>Our focus is most appropriate for scholarly publication in Delaware—the cradle of American corporate activity. Delaware boasts incorporation by the majority of Fortune 500 companies and has consistently maintained its pre-eminence on cutting-edge corporate law and governance issues. Members of the bench and corporate bar read the Journal for insightful commentary on complex corporate matters and recent decisions.<br/><br/>Even though the Journal maintains a focus on corporate law and governance, the scope of our articles is extremely broad. We publish articles on subjects that are that fall within the scope of the American Bar Association’s Business Law Section, which includes topics such as intellectual property, international business law, and environmental, energy, and natural resources law. The Journal Blog is focused on publishing short, yet concise, articles in a timely manner on the trending topics and recent developments in all things corporate and business law. |
| 650 #0 - PUNTO DE ACCESO ADICIONAL DE MATERIA--TÉRMINO DE MATERIA |
| Término de materia o nombre geográfico como elemento de entrada |
Corporation law |
| Subdivisión geográfica |
Delaware |
| Subdivisión de forma |
Periodicals. |
| 655 #0 - TÉRMINO DE INDIZACIÓN--GÉNERO/FORMA |
| Datos o término principal de género/forma |
Periodicals |
| 9 (RLIN) |
23543 |
| 655 #0 - TÉRMINO DE INDIZACIÓN--GÉNERO/FORMA |
| Datos o término principal de género/forma |
Law reviews. |
| 9 (RLIN) |
25870 |
| 710 ## - ENTRADA AGREGADA--NOMBRE DE ENTIDAD CORPORATIVA |
| Nombre de entidad corporativa o nombre de jurisdicción como elemento de entrada |
Widener College. |
| Unidad subordinada |
Delaware Law School, |
| Término indicativo de función/relación |
issuing body. |
| 710 2# - ENTRADA AGREGADA--NOMBRE DE ENTIDAD CORPORATIVA |
| Nombre de entidad corporativa o nombre de jurisdicción como elemento de entrada |
Widener University. |
| Unidad subordinada |
Delaware Law School, |
| Término indicativo de función/relación |
issuing body. |
| 710 2# - ENTRADA AGREGADA--NOMBRE DE ENTIDAD CORPORATIVA |
| Nombre de entidad corporativa o nombre de jurisdicción como elemento de entrada |
Widener University. |
| Unidad subordinada |
School of Law, |
| Término indicativo de función/relación |
issuing body. |
| 856 ## - LOCALIZACIÓN Y ACCESO ELECTRÓNICOS |
| Identificador Uniforme del Recurso |
<a href="https://bibliotheque.tbs-education.fr/Default/doc/PUBFINDER/edp22740/delaware-journal-of-corporate-law">https://bibliotheque.tbs-education.fr/Default/doc/PUBFINDER/edp22740/delaware-journal-of-corporate-law</a> |
| 942 ## - ELEMENTOS DE ENTRADA AGREGADA (KOHA) |
| Fuente del sistema de clasificación o colocación |
Clasificación de Library of Congress |